| 000 | 00564nam a2200217 i 4500 | ||
|---|---|---|---|
| 001 | 3651059 | ||
| 005 | 20180122091538.0 | ||
| 008 | 761029s1976 inu b 001 0 eng | ||
| 010 | _a 76005710 | ||
| 020 |
_a0911198431 : _c$11.95 |
||
| 040 |
_aDLC _cDLC _dDLC |
||
| 041 | _aeng | ||
| 080 | _a330.153 FOL | ||
| 082 | 0 | 0 | _a330.153 FOL |
| 100 | 1 | _a49. | |
| 101 | _aPSI | ||
| 245 | 1 | 4 |
_aThe social physics of Adam Smith / _cby Vernard Foley. |
| 504 | _aBibliography: p. 255-258. | ||
| 906 |
_a7 _bcbc _corignew _d2 _eocip _f19 _gy-gencatlg |
||
| 942 |
_2ddc _cBK |
||
| 999 |
_c40688 _d40688 |
||